| 000 | 00601nam a2200205Ia 4500 | ||
|---|---|---|---|
| 001 | b2591-23711 [2524] | ||
| 003 | IT-MiCISF | ||
| 008 | 161014s9999||||xx |||||||||||||| ||und|| | ||
| 040 |
_aIT-MiCISF _cIT-MiCISF |
||
| 041 | _ait | ||
| 100 | _aGeddes Marco | ||
| 245 | 0 |
_aLa salute degli italiani _bRapporto 1991 |
|
| 250 | _a1a ed. | ||
| 260 |
_a Roma _bNIS _c1991 |
||
| 300 | _app. 279 | ||
| 500 | _a / popolazione, salute, sanità , legislazione, malattia, donna, fecondità , aborto, contraccezione, malato-oncologico / | ||
| 650 | _asalute-cura | ||
| 942 | _cBK | ||
| 957 | _71 | ||
| 999 |
_a23711 _bsi _g1 _c214867 _d214867 |
||